书目信息 |
| 题名: |
Dracula
|
|
| 作者: | 斯托克 著 | |
| 分册: | ||
| 出版信息: | 沈阳 辽宁人民出版社 2018 |
|
| 页数: | 467页 | |
| 开本: | 18cm | |
| 丛书名: | 最经典英语文库 | |
| 单 册: | ||
| 中图分类: | H319.4:I562.44 | |
| 科图分类: | ||
| 主题词: | 英语--语言读物 , 长篇小说--爱尔兰--近代 | |
| 电子资源: | ||
| ISBN: | 978-7-205-09178-1 | |
| 000 | 00792nam0 2200265 450 | |
| 001 | 438727 | |
| 005 | 20140102085708.0 | |
| 010 | @a978-7-205-09178-1@dCNY33.00 | |
| 100 | @a20180619d2018 em y0chiy50 ea | |
| 101 | 0 | @aeng@gchi |
| 102 | @aCN@b210000 | |
| 105 | @ay z 000ay | |
| 106 | @ar | |
| 200 | 1 | @aDracula@b专著@fBram Stoker[著] |
| 210 | @a沈阳@c辽宁人民出版社@d2018 | |
| 215 | @a467页@d18cm | |
| 225 | 1 | @a最经典英语文库 |
| 312 | @a中文题名信息取自封面 | |
| 541 | 1 | @a吸血鬼伯爵德古拉@9xi xue gui bo jue de gu la@zchi |
| 606 | 0 | @a英语@j语言读物 |
| 606 | 0 | @a长篇小说@y爱尔兰@z近代 |
| 690 | @aH319.4:I562.44@v5 | |
| 701 | 0 | @c(爱尔兰)@a斯托克@9si tuo ke@c(Stoker, Bram@f1847-1912)@4著 |
| 801 | 2 | @aCN@b上海新华@c20191020 |
| 905 | @b1186195-8@dH319.4:I562.44@e2070@f4 | |
| Dracula/Bram Stoker[著].-沈阳:辽宁人民出版社,2018 |
| 467页;18cm.-(最经典英语文库) |
| ISBN 978-7-205-09178-1:CNY33.00 |
| ● |
| 相关链接 |
|
|
|
|
正题名:Dracula
索取号:H319.4:I562.44/2070
 
预约/预借
| 序号 | 登录号 | 条形码 | 馆藏地/架位号 | 状态 | 备注 |
| 1 | 1186195 | 211861957 | 第二样本阅览室/ [索取号:H319.4:I562.44/2070] | 在馆 | |
| 2 | 1186196 | 211861966 | 第四借阅区/ [索取号:H319.4:I562.44/2070] | 在馆 | |
| 3 | 1186197 | 211861975 | 第四借阅区/ [索取号:H319.4:I562.44/2070] | 在馆 | |
| 4 | 1186198 | 211861984 | 第四借阅区/ [索取号:H319.4:I562.44/2070] | 在馆 |